Wema Waliobaki / (Record no. 31997)

000 -LEADER
fixed length control field 00468nam a22001457a 4500
008 - FIXED-LENGTH DATA ELEMENTS--GENERAL INFORMATION
fixed length control field 240520b |||||||| |||| 00| 0 eng d
020 ## - INTERNATIONAL STANDARD BOOK NUMBER
International Standard Book Number 9780195747348
050 ## - LIBRARY OF CONGRESS CALL NUMBER
Classification number PL 8704 .W33 2019
100 ## - MAIN ENTRY--PERSONAL NAME
Personal name Alphonnse, Ndambuki.
245 ## - TITLE STATEMENT
Title Wema Waliobaki /
Statement of responsibility, etc. Ndambuki, Alphonse.
260 ## - PUBLICATION, DISTRIBUTION, ETC. (IMPRINT)
Place of publication, distribution, etc. Kenya:
Name of publisher, distributor, etc. Oxford University press,
Date of publication, distribution, etc. 2019.
300 ## - PHYSICAL DESCRIPTION
Extent 156p. :
Other physical details ill. ;
Dimensions 20cm
650 ## - SUBJECT ADDED ENTRY--TOPICAL TERM
Topical term or geographic name as entry element African fiction
Form subdivision Kiswahili
942 ## - ADDED ENTRY ELEMENTS (KOHA)
Source of classification or shelving scheme
Koha item type Africana (Books)
Classification part PL 8704 .W33 2019
Holdings
Withdrawn status Lost status Source of classification or shelving scheme Damaged status Not for loan Home library Current library Shelving location Date acquired Source of acquisition Cost, normal purchase price Total Checkouts Full call number Barcode Date last seen Price effective from Koha item type
          MACHAKOS UNIVERSITY LIBRARY MACHAKOS UNIVERSITY LIBRARY Africana 02/05/2024 Coprate Campus 860.00   PL 8704 .W33 2019 39839 02/05/2024 20/05/2024 Africana (Books)
          MACHAKOS UNIVERSITY LIBRARY MACHAKOS UNIVERSITY LIBRARY Africana 02/05/2024 Coprate Campus 860.00   PL 8704 .W33 2019 39840 02/05/2024 20/05/2024 Africana (Books)
© Machakos University Library, Along The Highway, Machakos Wote Rd, Machakos, Kenya P.O. Box 136 - 90100 Machakos - Kenya

Tel: ( +254 ) 723 805829 OR Fax : 044-20353 OR Email: library@mksu.ac.ke